000 00194nam a22000857a 4500
999 _c23740
_d23740
005 20250212123744.0
008 250212b ||||| |||| 00| 0 eng d
040 _csk
245 _aTvorivá spoločnosť